[Event "Kalamazoo Mini-Swiss.3"]
[Site "Kalamazoo, MI"]
[Date "1998.??.??"]
[Round "?"]
[White "Mondejar, J."]
[Black "SanAndreas, E."]
[Result "1-0"]
[WhiteElo "1605"]
[BlackElo "1605"]
[PlyCount "66"]
[EventDate "1998.??.??"]

1. d4 e6 2. e4 c5 3. c3 Nf6 4. Bd3 Nc6 5. Nf3 d5 6. Nbd2 Qb6 7. O-O cxd4 8.
cxd4 Nxd4 9. Qa4+ Nc6 10. exd5 Nxd5 11. a3 Bd6 12. Nb3 Bd7 13. Be4 Ne5 14. Qd4
Nxf3+ 15. Bxf3 Qxb3 16. Qxg7 O-O-O 17. Bh6 Rdg8 18. Qxf7 Bf8 19. Rac1+ Kd8 20.
Rcd1 Bxh6 21. Bxd5 exd5 22. Rxd5 Qh3 23. Qf6+ Kc8 24. Rc5+ Kb8 25. Qe5+ Ka8 26.
Qd5 Bf4 27. g3 Rg5 28. Qd4 Rf8 29. Rxg5 Bxg5 30. Qg7 Bh6 31. Qxh7 Bc6 32. f3
Be3+ 33. Kh1 Qxh7 1-0

[Event "Michigan Open Reserve"]
[Site "Flint, MI"]
[Date "1998.??.??"]
[Round "?"]
[White "Mohammed, Azziem"]
[Black "West, Tony"]
[Result "1-0"]
[WhiteElo "1770"]
[BlackElo "1630"]
[PlyCount "31"]
[EventDate "1998.09.??"]

1. d4 Nf6 2. e3 d5 3. Bd3 c5 4. c3 Nbd7 5. f4 cxd4 6. exd4 e6 7. Nf3 Be7 8.
Nbd2 Qc7 9. Ne5 O-O 10. O-O Ne8 11. Rf3 Nd6 12. Bxh7+ Kh8 13. Nxd7 Bxd7 14. Rh3
e5 15. Bf5+ Kg8 16. Qh5 1-0

[Event "Michigan Open Reserve"]
[Site "Flint, MI"]
[Date "1998.??.??"]
[Round "?"]
[White "Mohammed, Azziem"]
[Black "Parker, Harvard"]
[Result "0-1"]
[WhiteElo "1770"]
[BlackElo "1605"]
[PlyCount "74"]
[EventDate "1998.09.??"]

1. d4 f5 2. Bg5 c6 3. Nf3 h6 4. Bf4 g5 5. Be5 Nf6 6. Bxf6 exf6 7. Qd3 d5 8.
Nbd2 Be6 9. e3 Nd7 10. Be2 Qe7 11. c3 Nb6 12. Qc2 Nc8 13. Nb3 Nd6 14. Nfd2
O-O-O 15. Nc5 f4 16. Nxe6 Qxe6 17. exf4 Re8 18. Qd3 Rg8 19. Kd1 gxf4 20. Bf3
Ne4 21. Qf1 Bd6 22. h3 Kb8 23. Bg4 f5 24. Bf3 Qf6 25. h4 c5 26. Nb3 cxd4 27.
Nxd4 Bc5 28. Bxe4 fxe4 29. Nb3 Bb6 30. a4 a6 31. a5 Ba7 32. Ra4 Qf5 33. Kc1 e3
34. fxe3 Bxe3+ 35. Nd2 d4 36. cxd4 Rc8+ 37. Rc4 Rxc4+ 0-1

[Event "Michigan Open Reserve"]
[Site "Flint, MI"]
[Date "1998.??.??"]
[Round "?"]
[White "Mohammed, Azziem"]
[Black "James, Larry"]
[Result "0-1"]
[WhiteElo "1770"]
[BlackElo "1610"]
[PlyCount "102"]
[EventDate "1998.09.??"]

1. d4 Nf6 2. e3 d5 3. Bd3 e6 4. f4 c5 5. c3 Nc6 6. Nf3 Bd7 7. Nbd2 c4 8. Bc2 b5
9. O-O Qb6 10. Ne5 a5 11. g4 h6 12. Ndf3 Be7 13. g5 Nxe5 14. Nxe5 Ne4 15. Qh5
Rf8 16. Bxe4 dxe4 17. gxh6 gxh6 18. Qxh6 O-O-O 19. Nxd7 Kxd7 20. Qh5 f5 21. Bd2
Rh8 22. Qe2 Rdg8+ 23. Kh1 Rg4 24. Rg1 Rgh4 25. Rg2 Qc6 26. Be1 Rh3 27. Rb1 Rf3
28. b3 Rhh3 29. Bd2 Bf6 30. a4 b4 31. Qxc4 bxc3 32. Qxc6+ Kxc6 33. Rc1 Kd5 34.
Rxc3 Bxd4 35. exd4 Rxc3 36. Bxc3 Rxc3 37. Rb2 Kxd4 38. Kg2 e5 39. fxe5 Kxe5 40.
b4 axb4 41. Rxb4 Ra3 42. h4 f4 43. Rb5+ Kf6 44. Ra5 f3+ 45. Kg3 Ra2 46. h5 f2
47. Kg2 e3 48. Ra8 Ra1 49. Rf8+ Kg7 50. Rxf2 exf2 51. Kxf2 Rxa4 0-1

[Event "Michigan Open Reserve"]
[Site "Flint, MI"]
[Date "1998.??.??"]
[Round "?"]
[White "Mohammed, Azziem"]
[Black "Gregg, Ted"]
[Result "1-0"]
[WhiteElo "1770"]
[BlackElo "1605"]
[PlyCount "85"]
[EventDate "1998.09.??"]

1. d4 d5 2. Bg5 Nf6 3. Bxf6 exf6 4. e3 Be6 5. Bd3 Nc6 6. c3 Bd6 7. Nf3 Qd7 8.
b4 O-O 9. h4 g6 10. h5 Ne7 11. Nbd2 Bf5 12. Qc2 Bxd3 13. Qxd3 b5 14. Nb3 c6 15.
Kd2 Nc8 16. hxg6 fxg6 17. Rh3 Rf7 18. Rah1 Rg7 19. Nh4 Ne7 20. f4 Kh8 21. g3
Re8 22. a3 f5 23. Nf3 Ng8 24. Ne5 Bxe5 25. dxe5 h5 26. Qd4 Nh6 27. Kc2 Ng4 28.
Nc5 Qc8 29. a4 a6 30. axb5 axb5 31. Ra1 Ree7 32. Nb3 Kg8 33. Qc5 Qb8 34. Qxc6
Ra7 35. Qxd5+ Kf8 36. Na5 Qb6 37. Qd4 Qc7 38. Rd1 Ke8 39. Qd6 Qc8 40. Rd4 Rad7
41. Qc6 Kd8 42. Nb7+ Qxb7 43. Qxb7 1-0

[Event "Michigan Open Reserve"]
[Site "Flint, MI"]
[Date "1998.??.??"]
[Round "?"]
[White "Mitchell, Dave"]
[Black "Walters, M."]
[Result "1-0"]
[WhiteElo "1605"]
[BlackElo "1605"]
[PlyCount "61"]
[EventDate "1998.09.??"]

1. e4 c5 2. Nc3 Nc6 3. g3 e5 4. Bg2 Nf6 5. d3 g6 6. Be3 d6 7. Qd2 Be6 8. f4 Ng4
9. fxe5 Ncxe5 10. Bg5 f6 11. Bf4 g5 12. Bxe5 Nxe5 13. Nf3 Bh3 14. Nxe5 Bxg2 15.
Nf7 Kxf7 16. Qxg2 Qb6 17. O-O Qxb2 18. Nd5 Qd4+ 19. Kh1 Bg7 20. Rae1 Rhd8 21.
Qh3 h6 22. Nc7 Rac8 23. Ne6 Qb2 24. Nxd8+ Rxd8 25. Rb1 Qxa2 26. Rxb7+ Kf8 27.
Qh5 a5 28. Qg6 Qg8 29. Rxf6+ Bxf6 30. Qxf6+ Ke8 31. Qe7# 1-0

[Event "Cadillac Marathon"]
[Site "Cadillac, MI"]
[Date "1998.??.??"]
[Round "?"]
[White "Mitchell, Dave"]
[Black "Spangler, Richard"]
[Result "0-1"]
[WhiteElo "1605"]
[BlackElo "1605"]
[PlyCount "68"]
[EventDate "1998.??.??"]

1. e4 d5 2. exd5 Nf6 3. Nc3 Nxd5 4. Nxd5 Qxd5 5. Nf3 Nc6 6. d4 Bg4 7. c3 Bxf3
8. Qxf3 Qxf3 9. gxf3 O-O-O 10. Rg1 g6 11. Bg5 Rd5 12. O-O-O Bg7 13. Kb1 e5 14.
Bc4 Rd6 15. Bxf7 Rf8 16. d5 Rxf7 17. dxc6 bxc6 18. f4 exf4 19. Rxd6 cxd6 20.
Re1 Kd7 21. Re4 Be5 22. Ra4 Ke6 23. f3 Kf5 24. Bh4 Rb7 25. Kc2 h5 26. Bf2 g5
27. Rxa7 Rxa7 28. Bxa7 g4 29. Bf2 g3 30. hxg3 fxg3 31. Bg1 Kf4 32. a4 d5 33. a5
Kxf3 34. a6 Bb8 0-1

[Event "Michigan Class D/E"]
[Site "Grand Rapids, MI"]
[Date "1998.??.??"]
[Round "?"]
[White "Mitchell, Dave"]
[Black "Miller, Jess"]
[Result "1/2-1/2"]
[WhiteElo "1605"]
[BlackElo "1605"]
[PlyCount "52"]
[EventDate "1998.01.??"]

1. e4 c5 2. Nc3 Nc6 3. g3 e6 4. Bg2 Nf6 5. d3 h6 6. Be3 d5 7. exd5 exd5 8. Qe2
Be6 9. Bd2 d4 10. Bxc6+ bxc6 11. Ne4 Be7 12. Nf3 Nxe4 13. dxe4 Bg4 14. h3 Bxf3
15. Qxf3 c4 16. O-O d3 17. c3 Qd7 18. Kg2 Qe6 19. Rfe1 Bg5 20. Rad1 Bxd2 21.
Rxd2 O-O 22. Qf5 a5 23. Qxe6 fxe6 24. b3 Ra7 25. bxc4 Rd7 26. Red1 Rfd8 1/2-1/2

[Event "Michigan Class D/E"]
[Site "Grand Rapids, MI"]
[Date "1998.??.??"]
[Round "?"]
[White "Mitchell, Dave"]
[Black "McCrandell, James"]
[Result "1-0"]
[WhiteElo "1605"]
[BlackElo "1605"]
[PlyCount "27"]
[EventDate "1998.01.??"]

1. e4 e5 2. Bc4 Nf6 3. d3 Bc5 4. Nc3 O-O 5. f4 d6 6. Nf3 Ng4 7. Qe2 Bf2+ 8. Kf1
Bd4 9. f5 Bc5 10. Ng5 h5 11. h3 Nf2 12. Qxh5 Re8 13. Qxf7+ Kh8 14. Qh5# 1-0

[Event "Michigan Open Reserve"]
[Site "Flint, MI"]
[Date "1998.??.??"]
[Round "?"]
[White "Mitchell, Dave"]
[Black "Dolin, Jack"]
[Result "1/2-1/2"]
[WhiteElo "1605"]
[BlackElo "1605"]
[PlyCount "117"]
[EventDate "1998.09.??"]

1. e4 e6 2. d4 d5 3. e5 c5 4. c3 Nc6 5. Nf3 Qb6 6. b3 f6 7. Be3 fxe5 8. dxe5
Qc7 9. Bb5 Bd7 10. O-O Nxe5 11. Bxd7+ Nxd7 12. Re1 Qc6 13. Qe2 Ngf6 14. Bf4 Ne4
15. c4 Bd6 16. cxd5 exd5 17. Bxd6 Qxd6 18. Nc3 Ndf6 19. Ng5 O-O 20. Ngxe4 Nxe4
21. Nxe4 dxe4 22. Qc4+ Kh8 23. Rxe4 Qf6 24. Rf1 b6 25. f3 Qb2 26. Rfe1 Qf6 27.
Qb5 a6 28. Qd7 Rad8 29. Qc7 Qd6 30. Qxd6 Rxd6 31. Re7 Rd2 32. R7e2 Rxe2 33.
Rxe2 Rd8 34. Re6 Rb8 35. Kf2 Kg8 36. Ke3 Kf7 37. Rc6 Ke7 38. Rc7+ Kf6 39. Ke4
Rd8 40. Rc6+ Ke7 41. Rxb6 Rd2 42. Rxa6 Rxg2 43. Kd5 Rxh2 44. Ra7+ Kf6 45. Kxc5
Rf2 46. b4 h5 47. b5 h4 48. Ra6+ Kg5 49. b6 Rb2 50. Ra4 h3 51. Rg4+ Kh5 52. Rg1
Rg2 53. Rh1 Kh4 54. b7 Rb2 55. Kc6 Kg3 56. Kc7 Rc2+ 57. Kd7 Rb2 58. Kc7 Rc2+
59. Kd7 1/2-1/2

[Event "Michigan Open Reserve"]
[Site "Flint, MI"]
[Date "1998.??.??"]
[Round "?"]
[White "Mitchell, Dave"]
[Black "Crist, Kevin"]
[Result "1-0"]
[WhiteElo "1605"]
[BlackElo "1605"]
[PlyCount "65"]
[EventDate "1998.09.??"]

1. e4 e5 2. Bc4 Nc6 3. Nc3 Bc5 4. d3 Nf6 5. f4 d6 6. f5 Nd4 7. Bg5 h6 8. Bh4
Qe7 9. Nd5 Nxd5 10. Bxe7 Nxe7 11. Nf3 Nxf3+ 12. Qxf3 Bd7 13. Qh5 Rf8 14. O-O-O
b5 15. Bb3 a5 16. a3 a4 17. Ba2 b4 18. Be6 bxa3 19. Bxd7+ Kxd7 20. bxa3 Bxa3+
21. Kd2 Bc5 22. Qg4 f6 23. Qxg7 Rg8 24. Qxf6 Rxg2+ 25. Kc3 a3 26. Qe6+ Ke8 27.
f6 d5 28. fxe7 d4+ 29. Kc4 Bxe7 30. Qc6+ Kf7 31. Rhf1+ Kg7 32. Qxa8 Rxc2+ 33.
Kd5 1-0

[Event "U.S. Amateur North"]
[Site "Detroit, MI"]
[Date "1998.??.??"]
[Round "?"]
[White "Miller, K."]
[Black "West, Tony"]
[Result "0-1"]
[WhiteElo "1605"]
[BlackElo "1660"]
[PlyCount "44"]
[EventDate "1998.05.??"]

{5/24} 1. e4 c5 2. Nf3 Nc6 3. d4 cxd4 4. Nxd4 Nf6 5. Nxc6 bxc6 6. Bd3 g6 7. O-O
Bg7 8. Nd2 O-O 9. Nf3 d5 10. exd5 cxd5 11. c3 Bb7 12. Nd4 e5 13. Ne2 Re8 14.
Bg5 Qb6 15. b3 e4 16. Be3 exd3 17. Bxb6 dxe2 18. Qd2 exf1=Q+ 19. Kxf1 axb6 20.
Rd1 Ne4 21. Qc2 Nxc3 22. Rc1 Rxa2 0-1

[Event "U.S. Amateur North"]
[Site "Detroit, MI"]
[Date "1998.??.??"]
[Round "?"]
[White "Miller, K."]
[Black "Libby, Dan"]
[Result "1/2-1/2"]
[WhiteElo "1605"]
[BlackElo "1750"]
[PlyCount "99"]
[EventDate "1998.05.??"]

{5/23} 1. e4 c5 2. Nf3 Nc6 3. Nc3 g6 4. d4 cxd4 5. Nxd4 Bg7 6. Be3 Nf6 7. Qd2
Ng4 8. Nxc6 bxc6 9. Be2 Nxe3 10. Qxe3 Qa5 11. O-O Qb6 12. Qxb6 axb6 13. Rfd1 d6
14. Rd3 Ba6 15. Re3 Bd4 16. Bxa6 Bxe3 17. Bb7 Kd7 18. Bxa8 Bd4 19. Bb7 Bxc3 20.
bxc3 Rb8 21. Ba6 b5 22. c4 Rb6 23. cxb5 cxb5 24. Bxb5+ Rxb5 25. f3 Rb2 26. a4
Rxc2 27. a5 Kc7 28. a6 Kb8 29. Rb1+ Ka7 30. Rb7+ Kxa6 31. Rxe7 h5 32. Rxf7 Rc1+
33. Kf2 h4 34. Rf6 Rc2+ 35. Kf1 Rc1+ 36. Kf2 Rc2+ 37. Ke3 Rxg2 38. Rxd6+ Kb7
39. e5 Kc7 40. Rd2 Rxd2 41. Kxd2 Kc6 42. Kd3 Kd5 43. f4 g5 44. fxg5 Kxe5 45. g6
Kf6 46. Ke4 Kxg6 47. Kf4 h3 48. Kg4 Kh6 49. Kxh3 Kh5 50. Kg3 1/2-1/2

[Event "U.S. Amateur North"]
[Site "Detroit, MI"]
[Date "1998.??.??"]
[Round "?"]
[White "Miller, K."]
[Black "Jarosz, Stan"]
[Result "0-1"]
[WhiteElo "1605"]
[BlackElo "2040"]
[PlyCount "82"]
[EventDate "1998.05.??"]

{5/23} 1. e4 e6 2. d4 d5 3. exd5 exd5 4. Be3 Nf6 5. g3 Bd6 6. c4 dxc4 7. Bxc4
O-O 8. Ne2 Qe7 9. O-O Bh3 10. Nf4 Bxf1 11. Bxf1 Nbd7 12. Nc3 c6 13. Bg2 Nb6 14.
b3 Rfd8 15. Qc2 Bxf4 16. Bxf4 Rxd4 17. Be3 Rdd8 18. Re1 h6 19. Qc1 Qd6 20. Bf4
Qc5 21. Be3 Qf5 22. Be4 Nxe4 23. Nxe4 Nd5 24. Kg2 Qxe4+ 25. Kg1 Nxe3 26. Rxe3
Qd5 27. Qe1 Qd1 28. Kf1 Qxe1+ 29. Kxe1 Re8 30. h4 Rxe3+ 31. fxe3 f5 32. Ke2 Kf7
33. a3 Ke6 34. b4 Ke5 35. Kf3 Rd8 36. h5 Rd3 37. a4 Rb3 38. b5 cxb5 39. axb5
Rxb5 40. g4 fxg4+ 41. Kxg4 Ke4 0-1

[Event "Michigan Open Reserve"]
[Site "Flint, MI"]
[Date "1998.??.??"]
[Round "?"]
[White "Miller, Jess"]
[Black "West, Tony"]
[Result "0-1"]
[WhiteElo "1605"]
[BlackElo "1630"]
[PlyCount "74"]
[EventDate "1998.09.??"]

1. d4 Nf6 2. c4 c5 3. e3 g6 4. Nf3 Bg7 5. Nc3 O-O 6. dxc5 Na6 7. Na4 Nxc5 8.
Nxc5 Qa5+ 9. Bd2 Qxc5 10. b4 Qc7 11. Rc1 Ne4 12. Bd3 Nxd2 13. Qxd2 d6 14. O-O
a5 15. b5 Qc5 16. a4 Be6 17. Ng5 Qxg5 18. f4 Qc5 19. Rfe1 Rfc8 20. Be4 Rc7 21.
Bd5 Bxd5 22. cxd5 Qb6 23. Rxc7 Qxc7 24. Rc1 Qd7 25. Qc2 e6 26. dxe6 Qxe6 27.
Kf2 Re8 28. Re1 Rc8 29. Qd3 Qa2+ 30. Kf3 Qxa4 31. Qxd6 Qxb5 32. Qe7 Qd5+ 33. e4
Rc3+ 34. Re3 Qd1+ 35. Kf2 Qd2+ 36. Re2 Bd4+ 37. Kf1 Rc1+ 0-1

[Event "Michigan Open Reserve"]
[Site "Flint, MI"]
[Date "1998.??.??"]
[Round "?"]
[White "Miller, Jess"]
[Black "Walters, M."]
[Result "1-0"]
[WhiteElo "1605"]
[BlackElo "1605"]
[PlyCount "59"]
[EventDate "1998.09.??"]

1. d4 d5 2. c4 Nf6 3. Nc3 g6 4. Nf3 Bg7 5. Bg5 Ne4 6. e3 Nxc3 7. bxc3 h6 8. Bh4
Bg4 9. h3 Bxf3 10. Qxf3 Qd6 11. c5 Qe6 12. Bd3 c6 13. O-O g5 14. Bg3 h5 15. Bf5
Qh6 16. Qe2 e6 17. Bc2 Bf6 18. f3 Nd7 19. Rab1 b6 20. cxb6 axb6 21. a4 c5 22.
Qb5 Ra5 23. Qc6 h4 24. Bd6 g4 25. fxg4 Qxe3+ 26. Kh1 Bd8 27. Rxf7 Kxf7 28.
Qxd7+ Kf6 29. Rf1+ Kg5 30. Qg7# 1-0

[Event "Cadillac Marathon"]
[Site "Cadillac, MI"]
[Date "1998.??.??"]
[Round "?"]
[White "Miller, Jess"]
[Black "Spangler, Richard"]
[Result "0-1"]
[WhiteElo "1605"]
[BlackElo "1605"]
[PlyCount "62"]
[EventDate "1998.??.??"]

1. d4 d5 2. c4 e6 3. Nc3 Nf6 4. e3 Be7 5. Bd3 O-O 6. Nf3 c6 7. O-O Nbd7 8. Qc2
Re8 9. Ng5 Nf8 10. Bd2 dxc4 11. Bxc4 Nd5 12. Nf3 Bf6 13. Ne4 Be7 14. Ng3 b5 15.
Bd3 Bb7 16. Ne5 Rc8 17. Qd1 Nf6 18. Ng4 Qd5 19. Nxf6+ Bxf6 20. Bc3 c5 21. e4
Qd7 22. Qe2 a6 23. dxc5 Bxc3 24. bxc3 Rxc5 25. c4 Rd8 26. Rfd1 b4 27. e5 Qc7
28. f4 a5 29. Rac1 Bc6 30. Ne4 Bxe4 31. Qxe4 g6 {[Remainder unavailable]} 0-1

[Event "Michigan Class D/E"]
[Site "Grand Rapids, MI"]
[Date "1998.??.??"]
[Round "?"]
[White "Miller, Jess"]
[Black "Jaskot, Allan"]
[Result "0-1"]
[WhiteElo "1605"]
[BlackElo "1605"]
[PlyCount "114"]
[EventDate "1998.01.??"]

1. d4 e6 2. e4 b6 3. Nf3 Bb7 4. Bd3 Nc6 5. Nc3 Nge7 6. Bg5 h6 7. Bh4 g5 8. Bg3
d6 9. Bb5 a6 10. Ba4 Bg7 11. d5 Bxc3+ 12. bxc3 exd5 13. exd5 g4 14. Ng1 b5 15.
Bb3 Na5 16. Qxg4 Nxb3 17. cxb3 Bxd5 18. Nf3 Rg8 19. Qh5 Bxf3 20. Qxf3 Rg6 21.
O-O c6 22. Rfe1 Qd7 23. Rad1 d5 24. Qe3 Kf8 25. Qc5 Qb7 26. Qb4 Rd8 27. Bh4 c5
28. Bxe7+ Qxe7 29. Qa5 Qd6 30. c4 bxc4 31. bxc4 d4 32. Re2 Re8 33. Rxe8+ Kxe8
34. Qd2 Qc6 35. g3 h5 36. Qe2+ Kf8 37. Qxh5 Rh6 38. Qe5 Qd6 39. Qxd6+ Rxd6 40.
h4 Rb6 41. h5 Kg7 42. Kg2 Rb4 43. Rc1 Rb2 44. a4 Ra2 45. g4 Rxa4 46. f4 Rb4 47.
g5 a5 48. f5 a4 49. f6+ Kh7 50. Kf3 a3 51. Rg1 a2 52. g6+ fxg6 53. hxg6+ Kh6
54. g7 a1=Q 55. g8=Q Qc3+ 56. Kg2 Rb2+ 57. Kh1 Qh3# 0-1

[Event "Michigan Open Reserve"]
[Site "Flint, MI"]
[Date "1998.??.??"]
[Round "?"]
[White "Miller, Jess"]
[Black "Iyer, Krishnan"]
[Result "0-1"]
[WhiteElo "1605"]
[BlackElo "1605"]
[PlyCount "28"]
[EventDate "1998.09.??"]

1. d4 d5 2. c4 Nc6 3. e3 Nf6 4. Nc3 Bf5 5. Nf3 h6 6. Qb3 Na5 7. Qa4+ c6 8. c5
Nd7 9. Bd2 b6 10. Rc1 Rc8 11. Nxd5 e6 12. Nxb6 axb6 13. cxb6 Qxb6 14. Bxa5 Qxb2
0-1

[Event "Cadillac Marathon"]
[Site "Cadillac, MI"]
[Date "1998.??.??"]
[Round "?"]
[White "Miller, Jess"]
[Black "Hogarth, Frank"]
[Result "1-0"]
[WhiteElo "1605"]
[BlackElo "1605"]
[PlyCount "43"]
[EventDate "1998.??.??"]

1. d4 Nf6 2. c4 Ne4 3. Nd2 f5 4. e3 Nc6 5. Bd3 Nxf2 6. Kxf2 e5 7. Bxf5 d6 8.
Bxc8 Qf6+ 9. Qf3 Qh4+ 10. g3 Qh6 11. Bxb7 exd4 12. Bxc6+ Kd8 13. Bxa8 dxe3+ 14.
Qxe3 g6 15. Qxh6 Bxh6 16. Ngf3 Kd7 17. Be4 Rf8 18. Re1 c6 19. b4 d5 20. cxd5
Kd6 21. dxc6 Ke6 22. Bxg6+ 1-0

[Event "Michigan Class D/E"]
[Site "Grand Rapids, MI"]
[Date "1998.??.??"]
[Round "?"]
[White "Miller, Jess"]
[Black "Evans Sr., Thomas"]
[Result "1/2-1/2"]
[WhiteElo "1605"]
[BlackElo "1605"]
[PlyCount "120"]
[EventDate "1998.01.??"]

1. d4 e6 2. e4 d5 3. e5 c5 4. c3 Nc6 5. Nf3 cxd4 6. cxd4 Bb4+ 7. Bd2 Bxd2+ 8.
Qxd2 Qa5 9. Nc3 Nge7 10. Bd3 O-O 11. Qe2 Nf5 12. Bxf5 exf5 13. O-O Be6 14. Rfd1
Qd8 15. Rd2 a6 16. Rc1 f6 17. Rcd1 Rf7 18. exf6 Qxf6 19. Ne5 Re7 20. f4 Qh6 21.
Qf2 g5 22. fxg5 Qxg5 23. Nf3 Qf6 24. Qh4 Qg6 25. Ne5 Nxe5 26. dxe5 Rg7 27. Qf2
Kh8 28. Nxd5 Bxd5 29. Rxd5 Rag8 30. R5d2 Qg4 31. Re2 f4 32. Rf1 Qh3 33. Qf3 Qe6
34. Rff2 Qxa2 35. Qxf4 Qb1+ 36. Rf1 Qd3 37. Qf2 Rxg2+ 38. Qxg2 Rxg2+ 39. Rxg2
Qd4+ 40. Kh1 Qd8 41. e6 h5 42. Rfg1 Qe8 43. Re1 Qe7 44. h3 Qh4 45. Ree2 Qxh3+
46. Kg1 Qb3 47. e7 Qd1+ 48. Kh2 Qd6+ 49. Kh1 Qd1+ 50. Kh2 Qd6+ 51. Kh3 Qd3+ 52.
Kh4 Qd4+ 53. Kxh5 Qd5+ 54. Kh4 Qd4+ 55. Kg5 Qg7+ 56. Kf5 Qf7+ 57. Kg4 Qg6+ 58.
Kh3 Qh5+ 59. Kg3 Qg5+ 60. Kf2 Qh4+ 1/2-1/2

[Event "Michigan Class D/E"]
[Site "Grand Rapids, MI"]
[Date "1998.??.??"]
[Round "?"]
[White "Miller, Doug"]
[Black "VanderLaan, D."]
[Result "1-0"]
[WhiteElo "1605"]
[BlackElo "1605"]
[PlyCount "73"]
[EventDate "1998.01.??"]

1. e4 e6 2. d4 d5 3. e5 c5 4. c3 Nc6 5. Nf3 Qb6 6. a4 cxd4 7. cxd4 a6 8. Be2
Nge7 9. O-O Nf5 10. Be3 Ncxd4 11. Bxd4 Nxd4 12. Qxd4 Bc5 13. Qd2 f6 14. a5 Qc7
15. b4 Ba7 16. b5 axb5 17. Bxb5+ Bd7 18. Rc1 Qd8 19. Qb4 Bb8 20. Re1 Kf7 21.
Bxd7 Qxd7 22. Nc3 Rc8 23. Na2 Rc4 24. Qb1 Rxa5 25. Qxh7 Bxe5 26. Rxe5 Rxa2 27.
Ree1 Rxa1 28. Rxa1 Qa4 29. Qb1 Qc2 30. Qxb7+ Kg6 31. h3 d4 32. Ra7 Qc1+ 33. Kh2
Qh6 34. Qe4+ f5 35. Qxe6+ Kh7 36. Qxc4 Qf4+ 37. Kh1 1-0

[Event "Kalamazoo Mini-Swiss.2"]
[Site "Kalamazoo, MI"]
[Date "1998.??.??"]
[Round "?"]
[White "Miller, Doug"]
[Black "Russell, Scott"]
[Result "1-0"]
[WhiteElo "1605"]
[BlackElo "1605"]
[PlyCount "81"]
[EventDate "1998.??.??"]

1. e4 d5 2. exd5 Nf6 3. c4 e6 4. dxe6 fxe6 5. d4 Be7 6. Nf3 O-O 7. Be2 Nbd7 8.
O-O c6 9. Bg5 b5 10. c5 a6 11. b4 Nd5 12. Bxe7 Qxe7 13. Qb3 Kh8 14. Nc3 Bb7 15.
Ne4 a5 16. Nd6 a4 17. Qa3 Nb8 18. Nxb7 Qxb7 19. Ne5 Na6 20. Nd3 Nf4 21. Nxf4
Rxf4 22. Qe3 Qf7 23. a3 Nc7 24. Bf3 Nd5 25. Bxd5 exd5 26. Rae1 Re4 27. Qc3 Rae8
28. Rxe4 Rxe4 29. f3 Re2 30. Re1 Rxe1+ 31. Qxe1 Qg6 32. h3 h6 33. Kh2 Kg8 34.
Qe5 Kh7 35. Qd6 Qd3 36. Qxc6 Qxa3 37. Qxb5 Qb3 38. c6 a3 39. c7 a2 40. c8=Q
a1=Q 41. Qf5+ 1-0

[Event "Michigan Amateur"]
[Site "Kalamazoo "]
[Date "1998.??.??"]
[Round "?"]
[White "Miller, Doug"]
[Black "Russell, Scott"]
[Result "1-0"]
[WhiteElo "1605"]
[BlackElo "1605"]
[PlyCount "67"]
[EventDate "1998.07.??"]

{7/18} 1. e4 d5 2. exd5 Nf6 3. Nf3 c6 4. dxc6 Nxc6 5. Bb5 Qb6 6. a4 Bd7 7. Nc3
e6 8. d4 Bb4 9. O-O O-O 10. Bg5 Ne8 11. Be3 Qc7 12. d5 Ne7 13. Bxd7 Qxd7 14.
dxe6 Qxe6 15. Ne2 Nf6 16. c3 Bd6 17. Re1 Nf5 18. Bf4 Bxf4 19. Nxf4 Qb6 20. b4
Ng4 21. Nd4 Nfh6 22. h3 Nf6 23. a5 Qc7 24. Nfe2 Rfd8 25. Qb3 Rd5 26. Ng3 Rg5
27. Re3 Nd5 28. Rf3 Nf4 29. Re1 Qd7 30. Rxf4 g6 31. Ne4 Qe7 32. Nf6+ Qxf6 33.
Rxf6 Kh8 34. Nf3 1-0

[Event "Kalamazoo Mini-Swiss.2"]
[Site "Kalamazoo, MI"]
[Date "1998.??.??"]
[Round "?"]
[White "Miller, Doug"]
[Black "Roth, Bruce"]
[Result "1/2-1/2"]
[WhiteElo "1605"]
[BlackElo "1605"]
[PlyCount "59"]
[EventDate "1998.??.??"]

1. e4 c6 2. d4 d5 3. Nc3 dxe4 4. Nxe4 Bf5 5. Ng3 Bg6 6. Nf3 Nd7 7. Bd3 Bxd3 8.
Qxd3 Ngf6 9. Bg5 e6 10. Ne4 Be7 11. Bxf6 Bxf6 12. Nd6+ Ke7 13. Nxb7 Qb6 14. Nc5
Qa5+ 15. c3 Nxc5 16. dxc5 Qxc5 17. O-O Rad8 18. Qc2 g6 19. Rad1 Rxd1 20. Rxd1
Rd8 21. Rxd8 Kxd8 22. Qd2+ Qd5 23. Qxd5+ cxd5 24. Nd4 a6 25. Kf1 Ke7 26. Ke2
Kd6 27. Kd3 e5 28. Nc2 a5 29. f3 h5 30. h3 1/2-1/2

[Event "Michigan Class D/E"]
[Site "Grand Rapids, MI"]
[Date "1998.??.??"]
[Round "?"]
[White "Miller, Doug"]
[Black "Kotman, Matthew"]
[Result "0-1"]
[WhiteElo "1605"]
[BlackElo "1605"]
[PlyCount "85"]
[EventDate "1998.01.??"]

1. e4 e6 2. d4 d5 3. e5 c5 4. c3 Nc6 5. Nf3 Qb6 6. a4 cxd4 7. cxd4 Nge7 8. Nc3
Nf5 9. Bb5 Bd7 10. a5 Qc7 11. a6 b6 12. O-O Bb4 13. Qa4 Bxc3 14. bxc3 O-O 15.
Bd2 Rfd8 16. Rac1 Na5 17. Bg5 Bxb5 18. Bxd8 Bxa4 19. Bxc7 Bb5 20. Rfe1 Bxa6 21.
Ra1 Rc8 22. Rxa5 bxa5 23. Bxa5 h6 24. Bb4 Bc4 25. g4 Nxd4 26. cxd4 Bb5 27. Bc5
a6 28. Ra1 Rc6 29. Ne1 Kh7 30. Nc2 Rc8 31. f4 Ra8 32. Ra5 Kg6 33. Kf2 f5 34. h3
h5 35. g5 h4 36. Ne3 Rb8 37. Bb4 Rc8 38. Kf3 Rc1 39. Ra2 Bd3 40. Bd2 Rh1 41.
Ng2 Rxh3+ 42. Kf2 Kh5 43. Rxa6 0-1

[Event "Michigan Class D/E"]
[Site "Grand Rapids, MI"]
[Date "1998.??.??"]
[Round "?"]
[White "Miller, Doug"]
[Black "Choate, Eric"]
[Result "1-0"]
[WhiteElo "1605"]
[BlackElo "1605"]
[PlyCount "117"]
[EventDate "1998.01.??"]

1. e4 e5 2. Nf3 d6 3. Bc4 Be7 4. O-O Nf6 5. d3 h6 6. c3 Nbd7 7. Nh4 Nxe4 8. Nf5
Ng5 9. Nxg7+ Kf8 10. Nf5 Nf6 11. Nxe7 Qxe7 12. Bxg5 hxg5 13. Nd2 c6 14. Ne4 d5
15. Nxf6 Qxf6 16. f4 dxc4 17. fxg5 Qxg5 18. dxc4 Bh3 19. Qd6+ Ke8 20. Rf2 Rg8
21. g3 Qe3 22. Qd2 Qc5 23. Qd3 Rd8 24. Qh7 Rd2 25. Qxg8+ Kd7 26. Qxf7+ Kc8 27.
Qf8+ Qxf8 28. Rxf8+ Kc7 29. Rh8 Bd7 30. Rh7 Kb6 31. Re1 Be6 32. c5+ Kb5 33.
Rxb7+ Ka6 34. Rb4 Rd5 35. Rbe4 Rxc5 36. Rxe5 Bd5 37. h4 Kb6 38. Rc1 Rc4 39. b3
Rg4 40. Kf2 Bf7 41. Rce1 Rg6 42. Re7 Bd5 43. c4 Bg8 44. Re8 Bf7 45. Rf8 Be6 46.
Re5 Bg4 47. Rg5 Rxg5 48. hxg5 Bh5 49. Rf5 Bg6 50. Re5 Bb1 51. a3 Ba2 52. Re3
Bb1 53. b4 Ba2 54. c5+ Kb5 55. g6 a5 56. bxa5 Kxa5 57. g7 Kb5 58. Rc3 Bd5 59.
Ke3 1-0

[Event "Kalamazoo Mini-Swiss.2"]
[Site "Kalamazoo, MI"]
[Date "1998.??.??"]
[Round "?"]
[White "Miller, Doug"]
[Black "Bennett, D."]
[Result "0-1"]
[WhiteElo "1605"]
[BlackElo "1605"]
[PlyCount "56"]
[EventDate "1998.??.??"]

1. e4 c5 2. Nf3 d6 3. Bc4 Nf6 4. d3 g6 5. Bg5 Bg7 6. O-O Nc6 7. c3 O-O 8. Re1
Bg4 9. Nbd2 Ne5 10. Bb3 Nxd3 11. Re3 Ne5 12. h3 Nxf3+ 13. Nxf3 Bd7 14. Qe2 h6
15. Bh4 e5 16. Rd1 Bc6 17. Bd5 Qc7 18. Bxc6 bxc6 19. Red3 Rad8 20. Nd2 g5 21.
Bg3 Rfe8 22. Nc4 d5 23. exd5 cxd5 24. Bxe5 Qe7 25. Re3 dxc4 26. Bxf6 Rxd1+ 27.
Qxd1 Qf8 28. Qe2 Rxe3 0-1

[Event "Michigan Class D/E"]
[Site "Grand Rapids, MI"]
[Date "1998.??.??"]
[Round "?"]
[White "Mihelich, John"]
[Black "Kotman, Stuart"]
[Result "1-0"]
[WhiteElo "1605"]
[BlackElo "1605"]
[PlyCount "55"]
[EventDate "1998.01.??"]

1. e4 e6 2. f4 d5 3. e5 c5 4. Nf3 Nc6 5. Bb5 Nge7 6. O-O Qb6 7. Bxc6+ bxc6 8.
d3 c4+ 9. d4 Nf5 10. g4 Ne7 11. c3 c5 12. Rf2 Nc6 13. Be3 Rb8 14. Qc2 cxd4 15.
cxd4 Nb4 16. Qc3 Nd3 17. Re2 Nxb2 18. Ne1 Na4 19. Qc2 Bd7 20. f5 Qb2 21. fxe6
Bxe6 22. Qxa4+ Qb5 23. Qxb5+ Rxb5 24. Nc3 Rb7 25. h3 Be7 26. Nf3 O-O 27. Rf2
Rfb8 28. Raf1 {[Remainder illegible]} 1-0